Normal view
MARC view
- Nasiri, Abdolhosein
Entry Personal Name
001 - CONTROL NUMBER
- control field: 97027
003 - CONTROL NUMBER IDENTIFIER
- control field: NUST
005 - DATE AND TIME OF LATEST TRANSACTION
- control field: 20220812150212.0
008 - FIXED-LENGTH DATA ELEMENTS
- fixed length control field: 220812|| aca||aabn | a|a d
040 ## - CATALOGING SOURCE
- Original cataloging agency: NUST
- Transcribing agency: NUST
100 ## - HEADING--PERSONAL NAME
- Personal name: Nasiri, Abdolhosein
670 ## - SOURCE DATA FOUND
- Source citation: Work cat.: (NUST)175556: Emadi, Ali. 60201, Uninterruptible power supplies and active filters /, c2005.
